| 000 | 00542 a2200193 4500 | ||
|---|---|---|---|
| 003 | Nust | ||
| 005 | 20230721110347.0 | ||
| 040 | _cNust | ||
| 082 | _a621.3132,SMI | ||
| 100 |
_aSmith, A. G. _9113779 |
||
| 245 |
_aRewinding and reconnecting of fractional-horsepower motors / _cA.G. Smith |
||
| 250 | _a1st ed | ||
| 260 |
_aBritain _bU.S.A _c1944 |
||
| 300 | _a95:p | ||
| 505 | _acontents not available | ||
| 600 |
_aA.G.Smith _9113780 |
||
| 650 |
_aRewinding and reconnecting of fractional-Horsepower motors _9113781 |
||
| 942 |
_2ddc _cBKB |
||
| 999 |
_c180580 _d180580 |
||